000 00204 a2200097 4500
001 10548
100 _aLeavell,S
245 _aStandard aircraft handbook
260 _a
_bAero pub
_c
090 _c8162
_d8162
942 _aNUST-CAE
_cM
_c34892
999 _c245621
_d245621